000 00328nam a2200121Ia 4500
008 220217s9999||||xx |||||||||||||| ||und||
082 _a624 BHA
100 _aBhavikatti, S.S
245 0 _aStrength of meterials
260 _aVikas publishing house
_bBangalore
_c2002
300 _b130
650 _aStrength of meterials
_92214
999 _c168599
_d168599